Normal view MARC view
  • Kauf, Thomas

Entry Nombre Personal

Number of records used in: 2

001 - NUMERO DE CONTROL

  • campo de control: 44462

003 - IDENTIFICADOR DE NUMERO DE CONTROL

  • campo de control: DLC

005 - FECHA Y HORA DE LA ÜLTIMA TRANSACCIÓN

  • campo de control: 20220519153018.0

008 - DATOS DE LONGITUD FIJA

  • campo de control de longitud fija: 070226n| acannaabn |n aaa c

010 ## - NÚMERO DE CONTROL DE LA BIBLIOTECA DEL CONGRESO

  • Número de control LC: no2007021522

035 ## - NUMERO DE CONTROL

  • Número de control: (OCoLC)oca07338554

040 ## - FUENTE DE CATALOGACIÓN

  • Agencia original de catalogación: MXMxUNAM
  • Lenguaje de catalogación: eng
  • Agencia de transcripción: MXMxUNAM
  • Agencia que lo modifica: MX-MxUPN

100 1# - ENCABEZAMIENTO - NOMBRE PERSONAL

  • Nombre personal: Kauf, Thomas

670 ## - FUENTE EN LA QUE SE LOCALIZARON DATOS

  • Cita de la fuente: Las estructuras sociales de la economía, 2001:
  • Información localizada: port.. (Thomas Kauf)

670 ## - FUENTE EN LA QUE SE LOCALIZARON DATOS

  • Cita de la fuente: Autoanálisis de un sociólogo, 2006
  • Información localizada: port. (Thomas Kauf)